LEADER 01336nam a2200277 4500 001 000000344680 003 CaOOAMICUS 005 20210311103632.0 008 210305s2000 it a 000 u ita r 020 $a88-8424-000-X 040 $aSeMil$bita 100 1 $aCaviglia, Giuseppe,$c.$0(OLS)http://semarc/name/92141 245 13$aIl card. Anastasio Ballestrero :$bmemoria e presenza /$cp. Giuseppe Caviglia, ocd. 264 1$aPessano con Bornago (MI) :$bMimep-Docete ;$a[S.l.] :$bPadri carmelitani,$c2000. 300 $a240 p. :$bill. ;$c18 cm 490 1 $aBiografie 600 14$aBallestrero, Anastasio Alberto .$0(OLS)http://semarc/subject/10643 710 0 $aCentro carmelitano vocazioni .$0(OLS)http://semarc/name/113231 830 0$aBiografie.$0(OLS)http://semarc/title/5544 850 $aSeMil 852 $aSeMil$W1$xVenegono$y1$m3G I 467$j225153$B235819$CSeMilBibl$Z2$F235819 $81 996 $6020$a88-8424-000-X$9(OLS)http://semarc/number/292536 996 $6245$aIl card. Anastasio Ballestrero :$bmemoria e presenza$9(OLS)http://semarc/title/433752 996 $6264$aPessano con Bornago (MI) :$bMimep-Docete$9(OLS)http://semarc/publisher/30068 996 $6264$a[S.l.] :$bPadri carmelitani$9(OLS)http://semarc/publisher/46748 LEADER 01713nas a2200289 i 4500 001 000000000175 003 CaOOAMICUS 005 20211026113823.0 008 080310c18969999gw zx u0 z|ger u 022 $a0934-2575 040 $aSeMil$bita 245 00$aBeihefte zur Zeitschrift für die alttestamentliche Wissenschaft [generale di collana] /$cherausgegeben von Georg Fohrer. 246 0 $aZeitschrift für die alttestamentliche Wissenschaft und die Kunde des nachbiblischen Judentums 264 1$aGiessen :$bJ. Riecker :$b[poi]... Berlin : Töpelmann :$b[poi]... Berlin ; New York : De Gruyter,$c1896- 300 $av. ;$c24 cm. 362 0 $a1(1896)- 500 $aPubblicazione con diverse successive formulazioni di responsabiltà [curatori]. 700 1 $aFohrer, Georg.$0(OLS)http://semarc/name/194 700 1 $aKaiser, Otto,$d<1924- >.$0(OLS)http://semarc/name/193 830 0$aBeihefte zur Zeitschrift für die alttestamentliche Wissenschaft.$0(OLS)http://semarc/title/294 850 $aSeMil 852 $aSeMil$W1$xVenegono$y1$mVedi "Titolo uniforme di collana" per le collocazioni dei singoli volumi$j222888$qSottoscrizione aperta$B235076$CSeMilBibl$Z2$F235076 $81 996 $6022$a0934-2575$9(OLS)http://semarc/number/42 996 $6245$aBeihefte zur Zeitschrift für die alttestamentliche Wissenschaft [generale di collana]$9(OLS)http://semarc/title/295 996 $6246$aZeitschrift für die alttestamentliche Wissenschaft und die Kunde des nachbiblischen Judentums$9(OLS)http://semarc/title/5352 996 $6264$aGiessen :$bJ. Riecker :$b[poi]... Berlin : Töpelmann :$b[poi]... Berlin ; New York : De Gruyter$9(OLS)http://semarc/publisher/29726